Statistics for Nebraska Football: Bowl Games

Click here to take the quiz!

General Stats

  • This quiz has been taken 175 times
  • The average score is 60 of 106

Answer Stats

HintAnswer% Correct
1954 | 1963 | 1965 | +14 othersOrange Bowl
84%
1940 | 2001Rose Bowl
82%
1975 | 1985 | 1987 | +3 othersFiesta Bowl
75%
1966 | 1974 | 1984 | 1986Sugar Bowl
68%
1964 | 1973 | 1979 | 2006Cotton Bowl
67%
1974 | 1995Florida
64%
1962 | 1983 | 1988 | +3 othersMiami
63%
1998 | 2009 | 2010 | +2 othersHoliday Bowl
61%
1985 | 2005Michigan
60%
1973Texas
60%
1965 | 1966 | 1971Alabama
59%
1969 | 2012 | 2013Georgia
59%
2008 | 2013Gator Bowl
58%
1987 | 1989 | 1992 | 1993Florida State
56%
1997 | 1999 | 2016Tennessee
56%
2014USC
56%
1978Oklahoma
53%
2015UCLA
52%
1970 | 1982 | 1984 | 1986Louisiana State
51%
1998 | 2009Arizona
49%
2000 | 2003 | 2005Alamo Bowl
47%
1981 | 2008Clemson
43%
2003Michigan State
43%
1990Citrus Bowl
42%
2010Washington
42%
2011South Carolina
41%
1969 | 1980Sun Bowl
41%
1963 | 2006Auburn
40%
2016Music City Bowl
39%
2002Mississippi
36%
1975Arizona State
33%
1977Liberty Bowl
32%
1940Stanford
32%
2011 | 2012Capital One Bowl
31%
2002Independence Bowl
31%
1990Georgia Tech
30%
1972Notre Dame
30%
1976Texas Tech
29%
1996Virginia Tech
29%
1964Arkansas
28%
1976Astro-Bluebonnet Bowl
28%
2000Northwestern
28%
1977North Carolina
25%
1954Duke
24%
1980Mississippi State
22%
1962Gotham Bowl
18%
1979Houston
18%

Score Distribution

Percentile by Number Answered

Percent of People with Each Score

Your Score History

You have not taken this quiz